000 01023nmm a2200289 a 4500
001 ocm0001256966
003 TR-IsHL
005 20201028160757.0
008 160715s2010 tu tur
007 cr cn
020 _a9786054205233
035 _a1256966
_b(N$T)
050 0 4 _aTR897.7
_bY66 2010
090 0 4 _aTR897.7
_bY66 2010
100 1 _aYöyen, Engin
245 1 0 _aAS3 ile sunucu programlama ve PHP-MySQL entegrasyonu
_h[electronic resource] /
_cEngin Yöyen
260 _aİstanbul :
_bKodlab Yayınevi,
_c2010
300 _a255 p.
650 4 _aBilgisayar
650 4 _aComputer Sciences
650 0 _aActionScript (Bilgisayar program dili)
650 0 _aActionScript (Computer program language)
650 0 _aPHP (Bilgisayar program dili)
650 0 _aPHP (Computer program language)
650 7 _aCOMPUTERS / Software Development & Engineering / Systems Analysis & Design
_2bisacsh
856 4 0 _uhttp://search.ebscohost.com/login.aspx?direct=true&scope=site&db=e011xww&AN=1256966
999 _c13776
_d13776